Índice de costos para viviendas de familias de bajos recursos económicos
Es el propósito de este estudio establecer un Índice de costos de viviendas para familias de bajos recursos económicos que el Banco de la Vivienda de Nicaragua ha construido después del terremoto de 1972 y otro índice de una vivienda construida anterior al año de 1973. Este Índice de costos d...
| Main Author: | |
|---|---|
| Other Authors: | |
| Format: | Tesis Section = Libro |
| Language: | Undetermined Spanish |
| Published: |
Managua
Universidad Nacional Autónoma de Nicaragua (UNAN)
1977
|
| Subjects: |
| LEADER | 01125nam a2200217Ia 4500 | ||
|---|---|---|---|
| 008 | 240830s9999 xx 000 0 und d | ||
| 040 | |a BIBLIOTECA-RUPAP Mon 728.1 G948 | ||
| 041 | |a spa | ||
| 082 | |a Mon 728.1 G948 | ||
| 100 | 1 | |a Guido Moreno, Luis | |
| 245 | 1 | 0 | |a Índice de costos para viviendas de familias de bajos recursos económicos |
| 260 | |a Managua |b Universidad Nacional Autónoma de Nicaragua (UNAN) |c 1977 | ||
| 300 | |a 105 p. :il. | ||
| 502 | |a Tesis (Ingeniero Civil)- UNI, 1977. | ||
| 520 | 3 | |a Es el propósito de este estudio establecer un Índice de costos de viviendas para familias de bajos recursos económicos que el Banco de la Vivienda de Nicaragua ha construido después del terremoto de 1972 y otro índice de una vivienda construida anterior al año de 1973. Este Índice de costos de viviendas estará constituido por el índice de costos de materiales básicos y el índice de costos de mano de obra. | |
| 650 | 7 | |a VIVENDAS ECONÓMICAS - MULTIFAMILIARES | |
| 650 | 7 | |b INGENIERIA CIVIL | |
| 700 | 1 | |a Tutor: |b Chamorro Coronel, Filadelfo | |
| 942 | |c BK |2 ddc | ||
| 991 | |a TESIS | ||
| 999 | |c 17977 | ||